LEADER 01314cam0-22004571i-450 001 990003989270403321 005 20260305152214.0 035 $a000398927 035 $aFED01000398927 035 $a(Aleph)000398927FED01 035 $a000398927 100 $a20040107d1980----km-y0itay50------ba 101 0 $aita 102 $aIT 105 $ay-------001yy 200 1 $aFondi marini e armi di distruzione di massa$fLuigi Migliorino 210 $aMilano$cGiuffrè$d1980 215 $aVIII, 194 p.$d26 cm 225 1 $aStudi e documenti sul diritto internazionale del mare$v8 300 $aBibl. Ing. Sanitaria 610 0 $aFondo marino$aUtilizzazione militare$aConvenzioni internazionali 610 0 $aScarichi a mare 676 $a343.096$v16$zita 700 1$aMigliorino,$bLuigi$0231697 801 0$aIT$bUNINA$gRICA$2UNIMARC 901 $aBK 912 $a990003989270403321 952 $a29-C-518$b3184$fDDCP 952 $aDP II-20$b5959$fDEC 952 $aDP II-20$fDEC 952 $aDP II-20$fDEC 952 $a15 G/3-22$fDINID 952 $aG 23 (8)$bs.i.$fDSI 952 $aX G 238 (8)$b112465$fFGBC 959 $aDDCP 959 $aDEC 959 $aDINID 959 $aDSI 959 $aFGBC 996 $aFondi marini e armi di distruzione di massa$9667416 997 $aUNINA